| 000 | 02271nam a22003377a 4500 | ||
|---|---|---|---|
| 003 | MN_MNUMS | ||
| 005 | 20260511105528.0 | ||
| 008 | 260511b mp ||||| |||| 00| 0 mon d | ||
| 040 |
_aMN_MNUMS _bMON _cMN_MNUMS _dMN_MNUMS _erda |
||
| 041 | _aMON | ||
| 072 | _aE098801 | ||
| 082 |
_221 _a362.1 _bЦ 945 |
||
| 100 | 0 |
_aЦэлмэг, Ц. _eсудлаач _967555 |
|
| 245 | 1 | 0 |
_aӨрх, сумын эрүүл мэндийн төвийн ажилтнуудын ажлаас гарах бодол, түүнд нөлөөлж буй байгууллагын хүчин зүйлс: _bМагистрын зэрэг горилсон нэг сэдэвт бүтээл: E098801-Нийгмийн эрүүл мэнд/ _cСудлаач: Цэрэннадмидын Цэлмэг; Эрдэм шинжилгээний ажлын удирдагч: Анагаах ухааны доктор, дэд профессор М. Сугармаа; Эрдэм шинжилгээний ажлын шүүмжлэгч: Төрийн бодлого удирдлагын доктор, дэд профессор Л. Хоролсүрэн. |
| 264 | 1 |
_aУлаанбаатар: _b[Хэвлэлийн газар тодорхойгүй] _cc2026. |
|
| 300 |
_a42 хуудастай : _bзурагтай, хүснэгт, графиктай, 12х12 CD-тэй; _c30 см |
||
| 336 |
_2rdacontent _atext _btxt |
||
| 502 |
_aДиссертаци _bМагистр _cАнагаахын Шинжлэх Ухааны Үндэсний Их Сургууль _d2025 |
||
| 504 | _aНом зүйтэй (хуудас 41-42) | ||
| 546 |
_aМонгол _b(Кирилл) |
||
| 650 | 4 |
_aнийгмийн эрүүл мэнд _967584 |
|
| 650 | 4 |
_aажлаас гарах бодол _924720 |
|
| 650 | 4 |
_aбайгууллагын уур амьсгал _967585 |
|
| 650 | 4 |
_aэрүүл мэндийн ажилтан _967665 |
|
| 700 | 0 |
_aСугармаа, М. _eудирдагч _966096 |
|
| 700 | 0 |
_aХоролсүрэн, Л. _eшүүмжлэгч _967531 |
|
| 710 |
_aАнагаахын Шинжлэх Ухааны Үндэсний Их Сургууль _eЭрхэлсэн байгууллага _935462 |
||
| 856 | _zЦАХИМ ХУВИЛБАР УНШИХ | ||
| 856 | _zТОВЧ ХУРААНГУЙ ҮЗЭХ | ||
| 942 |
_2ddc _cTS |
||
| 999 |
_c37755 _d37755 |
||